| 000 | 00661nam a2200181 a 4500 | ||
|---|---|---|---|
| 001 | 000032476 | ||
| 005 | 20240409073643.0 | ||
| 008 | 110718t1944 dr ac r 000 0 spa d | ||
| 040 |
_aDO-SdBNP _bspa _cBNPHU |
||
| 082 | _aF-RD 70 | ||
| 100 | 1 |
_aCucurullo, Aurelio _958425 |
|
| 245 | 1 | 3 |
_aEl arte y Trujillo : _bensayo político y literario / _cAurelio Cucurullo. |
| 260 |
_aCiudad Trujillo, República Dominicana : _bLa Nación, _c1944. |
||
| 300 |
_a25 p. : _bil., retrs. ; _c23 cm. |
||
| 600 | 1 | 0 |
_aTrujillo Molina, Rafael Leónidas, _d 1891-1961 _976764 |
| 650 | 4 |
_aArte y estado _xEnsayos, conferencias, etc. _955692 |
|
| 910 | _aValidado. Control de calidad. EMS | ||
| 999 |
_c31967 _d31967 |
||